000 01551cam a2200337 i 4500
001 17631261
005 20240219112055.0
008 130220s2013 nyua b 000 0 eng
010 _a 2012045589
020 _a9780865477483
040 _aDLC
_beng
_cDLC
_erda
_dDLC
042 _apcc
050 0 0 _aTD794.5
_b.M39524 2013
082 0 0 _a363.7
_223
_bMCD
100 1 _aMcDonough, William.
_933382
245 1 4 _aThe upcycle /
_cWilliam McDonough and Michael Braungart.
250 _aFirst edition.
264 1 _aNew York :
_bNorth Point Press, a division of Farrar, Straus and Giroux,
_c[2013]
300 _axvii, 227 pages :
_billustrations ;
_c21 cm
336 _atext
_2rdacontent
337 _aunmediated
_2rdamedia
338 _avolume
_2rdacarrier
504 _aIncludes bibliographical references (pages 221-224).
505 0 _aA high carb diet for the planet : life upcycles -- Houston, we have a solution : what's next? -- Wind equals food : upcycling energy -- Soil not oil : the resource beneath our feet -- Eat your caviar : celebrating diversity -- The butterfly effect : upcycling into the future -- If you remember these 10 beneficial things, you will have engaged the upcycle.
650 0 _aRecycling (Waste, etc.)
_vPopular works.
_9120683
650 0 _aEnvironmental protection
_vPopular works.
_9120684
700 1 _aBraungart, Michael,
_d1958-
_9120685
906 _a7
_bcbc
_corignew
_d1
_eecip
_f20
_gy-gencatlg
942 _2ddc
_cBK
999 _c607839
_d607839